CSR ako podpora budovania značky v bankovom sektore

Zhodnotenie využívania budovania statusu spoločensky zodpovednej firmy z pohľadu dopadu vybranej stratégie na budovanie značky firmy, v tomto prípade konkrétne banky. Príspevok popisuje najväčšie slovenské banky, ich spoločensky zodpovedné aktivity, odlíšiteľnosť v rámci sektora, ktorú takýmto spôso...

Descrizione completa

Salvato in:
Dettagli Bibliografici
Autore principale: Smolková, Marína
Natura: Capitolo di libro
Lingua:slovacco
Soggetti:
Tags: Aggiungi Tag
Nessun Tag, puoi essere il primo ad aggiungerne!!

MARC

LEADER 00000nla a2200000 4500
001 0165969
005 20240502083406.3
041 0 |a slo 
044 |a CZ 
245 1 0 |a CSR ako podpora budovania značky v bankovom sektore  |c Marína Smolková 
520 |a Zhodnotenie využívania budovania statusu spoločensky zodpovednej firmy z pohľadu dopadu vybranej stratégie na budovanie značky firmy, v tomto prípade konkrétne banky. Príspevok popisuje najväčšie slovenské banky, ich spoločensky zodpovedné aktivity, odlíšiteľnosť v rámci sektora, ktorú takýmto spôsobom dosiahli a taktiež konzistentnosť tejto CSR stratégie s celkovou komunikáciou banky a jej pozíciou na trhu. 
610 2 0 |a bankovníctvo 
610 2 0 |a banky 
610 2 0 |a imidž 
610 2 0 |a značky kvality 
610 2 0 |a zodpovednosť spoločenská 
610 2 0 |a zodpovednosť podniku spoločenská 
610 2 0 |a marketing 
100 1 |a Smolková, Marína